• 首页
  • 本馆介绍
  • 公告通知
  • 最新文献
  • 馆藏检索
  • 电子资源
  • 读者导购
  • 参考咨询
  • 我的图书馆
  • 登录
  • 详细信息显示
  • 放入我的书架
  • 预约/预借图书
  • 作者相关作品
  • 分类相关作品
  • 丛书相关作品
  • 出版社相关作品

书目信息

  • 表格格式
  • 工作单格式
  • 卡片格式
题名:
逻辑推理集锦
    
 
作者: 倪正茂 , 郑伟宏 著
分册:  
出版信息: 北京   光明日报出版社  1985
页数: 246页
开本: 19cm
丛书名:
单 册:
中图分类: B812.23
科图分类:
主题词: 推理
电子资源:
ISBN:
000 00635nam0 2200241 45
001 0185000096
005 20041124105256.9
010    @dCNY0.95
091    @a2263.002
100    @a19900921d1985 em y0chiy0121 ea
101 0  @achi
102    @aCN@b110000
105    @ay z 000yy
200 10 @a逻辑推理集锦@Aluo ji tui li ji jin@f倪正茂, 郑伟宏著@FNi Zheng Mao,Zheng Wei Hong Zhu
210    @a北京@c光明日报出版社@d1985
215    @a246页@d19cm
606    @a推理
690    @aB812.23@v3
701  0 @a倪正茂@4著
701  0 @a郑伟宏@4著
801  0 @aCN@b深圳图书馆@c20040424
801  2 @aCN@bNLC@c20040424
905    @dB812.23@e71
    
    逻辑推理集锦/倪正茂, 郑伟宏著.-北京:光明日报出版社,1985
    246页;19cm
    
    
    ISBN :CNY0.95
    
●
相关链接 在E读中查询图书 在五车中查询图书 在当当中查询图书 在豆瓣中查询图书


正题名:逻辑推理集锦     索取号:B812.23/71         预约/预借

序号 登录号 条形码 馆藏地/架位号 状态 备注
1 0128204   000514198   密集书库/ [索取号:B812.23/71] 在馆    
2 0128205   000514161   密集书库/ [索取号:B812.23/71] 在馆    
3 0128206   000514223   密集书库/ [索取号:B812.23/71] 在馆    
4 0128208   001765058   密集书库/ [索取号:B812.23/71] 在馆    
5 0133166   001741011   密集书库/ [索取号:B812.23/71] 在馆    
6 0133167   001741057   密集书库/ [索取号:B812.23/71] 在馆    
7 0133168   001741093   密集书库/ [索取号:B812.23/71] 在馆    
8 0133169   001741137   密集书库/ [索取号:B812.23/71] 在馆    
9 0133170   000514205   第一样本阅览室/ [索取号:B812.23/71] 在馆    
唐山师范学院图书馆 欢迎您!
大连网信软件有限公司© 版权所有